[Event "Maastricht Limburg op-A 9th"]
[Site "Maastricht"]
[Date "2015.05.23"]
[Round "2"]
[White "Zult, Daan"]
[Black "Geurink, Jasper"]
[Result "1/2-1/2"]
[WhiteElo "2237"]
[BlackElo "2354"]
[PlyCount "84"]
[EventDate "2015.05.22"]
[EventType "swiss"]
[EventRounds "7"]
[EventCountry "NED"]
[SourceTitle "CBM 166 Extra"]
[Source "ChessBase"]
[SourceDate "2015.06.18"]
[SourceVersion "1"]
[SourceVersionDate "2015.06.18"]
[SourceQuality "1"]

1. c4 Nf6 2. g3 g6 3. Bg2 Bg7 4. Nc3 0-0 5. e4 Nc6 6. Nge2 e5 7. 0-0 a6 8. f4 d6 9. d3 Rb8 10. a4 Nd4 11. h3 c6 12. Nxd4 exd4 13. Ne2 b5 14. axb5 axb5 15. b3 bxc4 16. bxc4 Nd7 17. Qc2 Qb6 18. Ba3 c5 19. Rfb1 Qc7 20. Bc1 Rxb1 21. Qxb1 Nb8 22. f5 gxf5 23. Nf4 fxe4 24. Bxe4 Nc6 25. Nd5 Qd7 26. Bg2 Ne7 27. Nb6 Qe6 28. Bg5 Nf5 29. Nxc8 Rxc8 30. Qb7 Rf8 31. g4 Qg6 32. Be4 Qxg5 33. Bxf5 Qe3+ 34. Kg2 Be5 35. Qf3 Rb8 36. Rf1 Kg7 37. Be4 f6 38. h4 Kh8 39. Rf2 Rb1 40. Bf5 Ra1 41. Be4 Qc1 42. Rf1 Qxf1+ 1/2-1/2

[Event "NED CupT"]
[Site "Haren"]
[Date "2015.05.14"]
[Round "2.3"]
[White "Bosch, Jeroen"]
[Black "Geurink, Jasper"]
[Result "1-0"]
[WhiteElo "2377"]
[BlackElo "2354"]
[PlyCount "133"]
[EventDate "2015.05.14"]
[EventType "team-k.o."]
[EventRounds "2"]
[EventCountry "NED"]
[SourceTitle "CBM 166 Extra"]
[Source "ChessBase"]
[SourceDate "2015.06.18"]
[SourceVersion "1"]
[SourceVersionDate "2015.06.18"]
[SourceQuality "1"]
[WhiteTeam "Calder HMC"]
[BlackTeam "Groningen"]
[WhiteTeamCountry "NED"]
[BlackTeamCountry "NED"]

1. Nf3 Nf6 2. c4 g6 3. Nc3 Bg7 4. e4 d6 5. d4 0-0 6. Be2 e5 7. d5 a5 8. Bg5 h6 9. Bh4 Na6 10. Nd2 Nc5 11. b3 Qe8 12. 0-0 Bd7 13. Rb1 Nh7 14. a3 f5 15. f3 Bf6 16. Bf2 Qe7 17. b4 axb4 18. axb4 Na4 19. Nxa4 Bxa4 20. Qe1 Bd7 21. c5 Bg5 22. exf5 gxf5 23. Nc4 e4 24. cxd6 cxd6 25. fxe4 fxe4 26. Bg3 Qg7 27. Nxd6 Qd4+ 28. Kh1 Bd2 29. Qd1 e3 30. Qc2 Qg7 31. Qd3 Bg4 32. Nf5 Bxf5 33. Rxf5 Rxf5 34. Qxf5 Ra1 35. Qe6+ Kh8 36. Qe8+ Nf8 37. Rf1 Rxf1+ 38. Bxf1 Kg8 39. Qe4 Qa1 40. Kg1 Bc3 41. Bf4 Bd4 42. Bxe3 Bxe3+ 43. Qxe3 Qf6 44. g3 Kg7 45. Qf2 Ng6 46. Qxf6+ Kxf6 47. Kf2 Ke5 48. Bg2 Ne7 49. Ke3 Nf5+ 50. Kd3 Nd6 51. Bf3 b6 52. Kc3 Nb5+ 53. Kc4 Nd6+ 54. Kd3 Nb5 55. Ke3 Nd6 56. g4 Nc4+ 57. Kd3 Nd6 58. h4 Kf4 59. Bd1 Ke5 60. g5 hxg5 61. hxg5 Kxd5 62. Bg4 Ke5 63. Bd7 b5 64. g6 Kf6 65. Kd4 Kxg6 66. Kc5 Nf7 67. Be8 1-0

[Event "NED-chT 1415"]
[Site "Netherlands"]
[Date "2015.03.07"]
[Round "6.5"]
[White "Geurink, Jasper"]
[Black "Van der Stricht, Geert"]
[Result "1/2-1/2"]
[WhiteElo "2345"]
[BlackElo "2379"]
[PlyCount "88"]
[EventDate "2014.09.27"]
[EventType "team-tourn"]
[EventRounds "9"]
[EventCountry "NED"]
[SourceTitle "EXT 2016"]
[Source "ChessBase"]
[SourceDate "2015.10.08"]
[SourceVersion "1"]
[SourceVersionDate "2015.10.08"]
[SourceQuality "1"]
[WhiteTeam "Groningen"]
[BlackTeam "Calder HMC"]
[WhiteTeamCountry "NED"]
[BlackTeamCountry "NED"]

1. e4 c5 2. Nf3 d6 3. Bb5+ Nd7 4. d4 cxd4 5. Qxd4 a6 6. Bxd7+ Bxd7 7. Bg5 h6 8. Bh4 Rc8 9. 0-0 e5 10. Qd2 g5 11. Bg3 Nf6 12. Nc3 Qb6 13. Rab1 Be7 14. Rfe1 Qc5 15. Re3 b5 16. a3 a5 17. Rbe1 b4 18. axb4 axb4 19. Nd5 Nxd5 20. exd5 0-0 21. c3 bxc3 22. Rxc3 Qb6 23. h4 Rxc3 24. bxc3 f6 25. c4 Qc5 26. Qc2 Kg7 27. Rb1 Rc8 28. Rb7 Rc7 29. Rxc7 Qxc7 30. hxg5 hxg5 31. Nd2 Qb6 32. Kf1 Qb4 33. f3 Ba4 34. Qd3 Bd8 35. Be1 Qb2 36. Ne4 Bc2 37. Qd2 Be7 38. Ke2 Qb3 39. Qc3 Qxc3 40. Bxc3 f5 41. Nd2 Kf7 42. c5 dxc5 43. Bxe5 Bf6 44. Bc7 Ba4 1/2-1/2

[Event "Groningen Atlantis op"]
[Site "Groningen"]
[Date "2014.08.29"]
[Round "3"]
[White "Maatman, Nick"]
[Black "Geurink, Jasper"]
[Result "1-0"]
[WhiteElo "2211"]
[BlackElo "2345"]
[PlyCount "61"]
[EventDate "2014.08.28"]
[EventType "swiss"]
[EventRounds "7"]
[EventCountry "NED"]
[SourceTitle "CBM 162 Extra"]
[Source "ChessBase"]
[SourceDate "2014.10.17"]
[SourceVersion "1"]
[SourceVersionDate "2014.10.17"]
[SourceQuality "1"]

1. e4 e6 2. d4 d5 3. Nd2 Nf6 4. e5 Nfd7 5. c3 c5 6. Ngf3 Nc6 7. Bd3 g6 8. h4 Rg8 9. Bc2 a5 10. 0-0 c4 11. b3 b5 12. a4 cxb3 13. Bxb3 bxa4 14. Bxa4 Qc7 15. c4 Nb6 16. cxd5 exd5 17. Ng5 Nxa4 18. Qxa4 Rh8 19. Nde4 dxe4 20. d5 Bd7 21. e6 Nb4 22. exd7+ Qxd7 23. Qb3 f5 24. Bb2 a4 25. Qc3 Rg8 26. Qe5+ Qe7 27. Ne6 Nd3 28. Qc3 Bh6 29. Nc7+ Kf7 30. d6 Qxd6 31. Qc4+ 1-0

[Event "NED-chT 1314"]
[Site "Netherlands"]
[Date "2014.04.12"]
[Round "8.3"]
[White "Bosch, Jeroen"]
[Black "Geurink, Jasper"]
[Result "0-1"]
[WhiteElo "2385"]
[BlackElo "2346"]
[PlyCount "38"]
[EventDate "2013.09.21"]
[EventType "team-tourn"]
[EventRounds "9"]
[EventCountry "NED"]
[SourceTitle "EXT 2015"]
[Source "ChessBase"]
[SourceDate "2014.11.20"]
[SourceVersion "1"]
[SourceVersionDate "2014.11.20"]
[SourceQuality "1"]
[WhiteTeam "Calder HMC"]
[BlackTeam "Groningen"]
[WhiteTeamCountry "NED"]
[BlackTeamCountry "NED"]

1. e4 e6 2. d4 d5 3. e5 c5 4. c3 Nc6 5. Nf3 Bd7 6. Be2 Nge7 7. Na3 cxd4 8. cxd4 Ng6 9. h4 Bb4+ 10. Kf1 0-0 11. Nc2 Be7 12. g3 f6 13. exf6 Bxf6 14. Bd3 e5 15. Bxg6 hxg6 16. Nxe5 Nxe5 17. dxe5 Bxe5 18. Qxd5+ Kh7 19. h5 Bh3+ 0-1